000 00917nam a22002057a 4500
003 OSt
005 20250827173757.0
008 240312b ||||| |||| 00| 0 eng d
040 _c0
082 _aDPer 621.317 Ie21 July 2022 v. 37 n. 7
100 _aAshtiani, Nima Amouzegar.
_eauthor.
_954347
245 _aModified droop strategy for wide load range efficiency improvement of parallel inverter systems /
_cNima Amouzegar Ashtiani, Ali Sheykhi, and S. Ali Khajedhoddin.
260 _aNew York ;
_bThe Institute of Electrical and Electronics Engineers, Inc. ,
_cJuly 2022.
300 _avolume 37, pages 8433-8446 :
_billustration ;
_c28 cm.
500 _aIEEE Transactions on Power Electronics, vol. 37, no. 7, pages 8433-8446, July 2022.
700 _aAshtiani, Nima Amouzegar.
_eauthor.
_954347
700 _aSheykhi, Ali.
_eauthor.
_954348
700 _aKhajedhoddin, S. Ali.
_eauthor.
_954349
942 _2ddc
_cPER
999 _c19602
_d19602